000 00494nam a2200205 a 4500
999 _c6575
_d6575
001 6575
003 BD-JhCC
005 20180125181634.0
008 180125b1966 ru |||| |||| 000 0 eng d
035 _a(BD-JhCC)
040 _aBD-JhCC
_dBD-JhCC
041 _aeng
082 _a624
_bVEZ 1966
100 _aVezey, V.
245 _aGlobal Engineering /
_cV. Vezey
260 _aRasia:
_bProgress Publishers;
_c1966
300 _a236 p;,
_c16 cm
650 _aCivil Engineering
942 _2ddc
_cBK